000 00546pab a2200169 454500
008 180718b2017 xxu||||| |||| 00| 0 eng d
100 _aEjilvanan
245 _aProspectus of major confidence building measures (CBMs) between India and Pakistan: opportunities and challenges
260 _c2017
300 _ap.19-22.
362 _aJan-Jun
650 _aIndia - Foreign relations - Pakistan
650 _aInternational relations
700 _aMir, Rameez Raja
773 _aSouth Asian Journal of Socio-Political Studies
909 _a114723
999 _c114717
_d114717